[Event "Junior Online 4NCL Division 2"]
[Site "online"]
[Date "2021.04.01"]
[EventDate "2021.04.01"]
[Round "6.147"]
[White "Szakmany, Bence"]
[WhiteElo "1614"]
[WhiteTeam "Young Dragons A"]
[Black "Baker, Lawrence"]
[BlackElo "1228"]
[BlackTeam "Ojays F"]
[Result "1-0"]
[PlyCount "67"]

1. e4 e5 2. Nf3 Nc6 3. Bb5 d6 4. O-O Bg4 5. h3 Bxf3 6. Qxf3 Qe7 7. c3 O-O-O 8. Bxc6 bxc6 9. d4 Nf6 10. Bg5 h6 11. Bh4 g5 12. Bg3 Bg7 13. Qf5+ Qd7 14. dxe5 dxe5 15. Bxe5 Qxf5 16. exf5 Rde8 17. Bxf6 Bxf6 18. Nd2 Re2 19. Nc4 Rd8 20. Rfe1 Rxe1+ 21. Rxe1 Kb7 22. g3 Rd5 23. Ne3 Rd2 24. Nc4 Rd5 25. g4 Ka6 26. Re2 Kb5 27. Na3+ Kc5 28. Kg2 Be5 29. Nc2 Kd6 30. Ne3 f6 31. Nxd5 Kxd5 32. Rd2+ Ke4 33. Rd8 Bd6 34. Rh8 {[W: 0:07:47; B: 0:01:54]} 1-0

[Event "Junior Online 4NCL Division 2"]
[Site "online"]
[Date "2021.04.01"]
[EventDate "2021.04.01"]
[Round "6.148"]
[White "Terrado, Rhianne"]
[WhiteElo "1219"]
[WhiteTeam "Ojays F"]
[Black "Davies, Tom"]
[BlackElo "1493"]
[BlackTeam "Young Dragons A"]
[Result "1-0"]
[PlyCount "37"]

1. e4 d5 2. e5 c5 3. Nf3 Nc6 4. Be2 Bg4 5. h3 Bxf3 6. Bxf3 Nxe5 7. d4 Nxf3+ 8. gxf3 Qc7 9. Be3 cxd4 10. Bxd4 O-O-O 11. Nc3 e5 12. Bxa7 Bb4 13. Qd3 d4 14. O-O-O dxc3 15. Qf5+ Rd7 16. Rxd7 Qxd7 17. Qxe5 cxb2+ 18. Kxb2 Nf6 19. Qb8# {[W: 0:09:36; B: 0:09:40]} 1-0

[Event "Junior Online 4NCL Division 2"]
[Site "online"]
[Date "2021.04.01"]
[EventDate "2021.04.01"]
[Round "6.151"]
[White "Parikh, Naavya"]
[WhiteElo "1516"]
[WhiteTeam "Harrow Juniors D"]
[Black "Shaporenkov, Robert"]
[BlackElo "1287"]
[BlackTeam "St Albans Early Knights 3"]
[Result "1-0"]
[PlyCount "56"]

1. e4 d6 2. d4 Nf6 3. Nc3 e5 4. dxe5 dxe5 5. Qxd8+ Kxd8 6. Bg5 Be7 7. Bc4 Nbd7 8. Nf3 h6 9. Bh4 g5 10. Bg3 Nh5 11. Bxe5 Nxe5 12. Nxe5 Rf8 13. Bxf7 Bd6 14. Bxh5 Bxe5 15. O-O g4 16. f3 Rg8 17. fxg4 Bxg4 18. Bxg4 Rxg4 19. Rf8+ Ke7 20. Rxa8 a6 21. Rh8 Rh4 22. Rh7+ Ke6 23. g3 Rh5 24. Kg2 Rg5 25. Rxh6+ Kf7 26. Rf1+ Ke7 27. Nd5+ Kd8 28. Rh7 a5 {[W: 0:08:51; B: 0:03:57]} 1-0

[Event "Junior Online 4NCL Division 2"]
[Site "online"]
[Date "2021.04.01"]
[EventDate "2021.04.01"]
[Round "6.153"]
[White "Rajesh, Shradha"]
[WhiteElo "1173"]
[WhiteTeam "Harrow Juniors D"]
[Black "Saporenkova, Rita"]
[BlackElo "995"]
[BlackTeam "St Albans Early Knights 3"]
[Result "1-0"]
[PlyCount "93"]

1. c4 e5 2. Nc3 Nc6 3. e3 Nf6 4. d4 e4 5. Qc2 Qe7 6. g3 g6 7. Bg2 Nb4 8. Qb1 Nd3+ 9. Ke2 d5 10. cxd5 Bg4+ 11. f3 exf3+ 12. Bxf3 Nxc1+ 13. Qxc1 Bg7 14. Bxg4 Nxg4 15. Nf3 O-O 16. h3 Nf6 17. Ne5 c5 18. Na4 cxd4 19. exd4 Ne4 20. Qf4 f5 21. Nc3 Nxc3+ 22. bxc3 b5 23. Kd3 b4 24. cxb4 Qxb4 25. Rab1 Qa3+ 26. Kc4 Qxa2+ 27. Rb3 Rac8+ 28. Nc6 Qe2+ 29. Kb4 Qe4 30. Qxe4 fxe4 31. Ne7+ Kh8 32. Nxc8 Rxc8 33. Re3 Rb8+ 34. Kc5 Re8 35. Ra1 Re7 36. Kd6 Bf6 37. Ra6 Kg7 38. Kc5 h5 39. Kd6 Kf7 40. Kc5 g5 41. d6 Rd7 42. Rxe4 h4 43. g4 Rc7+ 44. dxc7 Bxd4+ 45. Rxd4 Ke7 46. c8=Q Kf7 47. Rd7# {[W: 0:04:46; B: 0:00:41]} 1-0

[Event "Junior Online 4NCL Division 2"]
[Site "online"]
[Date "2021.04.01"]
[EventDate "2021.04.01"]
[Round "6.155"]
[White "Shaporenkov, Robert"]
[WhiteElo "1287"]
[WhiteTeam "St Albans Early Knights 3"]
[Black "Parikh, Naavya"]
[BlackElo "1516"]
[BlackTeam "Harrow Juniors D"]
[Result "1-0"]
[PlyCount "59"]

1. d4 d5 2. Bf4 Nf6 3. e3 e6 4. Nd2 c5 5. c3 Nc6 6. Ngf3 b6 7. Bd3 Bb7 8. O-O Bd6 9. Ne5 Bxe5 10. dxe5 Nd7 11. Nf3 O-O 12. b3 h6 13. Qd2 f6 14. Bg3 fxe5 15. Nh4 Qf6 16. Qc2 e4 17. Be2 e5 18. f3 exf3 19. Bxf3 Qg5 20. Bxd5+ Rf7 21. Bxf7+ Kf8 22. Ng6+ Qxg6 23. Bxg6+ Ke7 24. Bh4+ Kd6 25. Rad1+ Kc7 26. Bf5 Ndb8 27. Bd8+ Nxd8 28. Rd7+ Kc6 29. Qe4+ Kb5 30. Qa4# {[W: 0:02:55; B: 0:07:18]} 1-0

[Event "Junior Online 4NCL Division 2"]
[Site "online"]
[Date "2021.04.01"]
[EventDate "2021.04.01"]
[Round "6.157"]
[White "Saporenkova, Rita"]
[WhiteElo "995"]
[WhiteTeam "St Albans Early Knights 3"]
[Black "Rajesh, Shradha"]
[BlackElo "1173"]
[BlackTeam "Harrow Juniors D"]
[Result "0-1"]
[PlyCount "66"]

1. e4 c5 2. Bc4 e6 3. Nf3 Nc6 4. O-O Nf6 5. d3 d6 6. Bg5 Be7 7. Bxf6 Bxf6 8. Nc3 Bxc3 9. bxc3 a6 10. a3 b5 11. Ba2 O-O 12. c4 Re8 13. cxb5 axb5 14. Bb3 Bb7 15. c4 bxc4 16. Bxc4 Nd4 17. Nxd4 cxd4 18. Rb1 Bc6 19. Qc1 d5 20. exd5 Bxd5 21. Bxd5 Qxd5 22. Qc7 Rec8 23. Qg3 Rxa3 24. Rfd1 h6 25. h4 e5 26. Qg4 Rac3 27. Qf5 g6 28. Qf6 e4 29. dxe4 Qxe4 30. Rxd4 Qxb1+ 31. Kh2 Qb8+ 32. Kg1 Rc1+ 33. Rd1 Rxd1# {[W: 0:01:03; B: 0:07:39]} 0-1

[Event "Junior Online 4NCL Division 2"]
[Site "online"]
[Date "2021.04.01"]
[EventDate "2021.04.01"]
[Round "6.161"]
[White "Benhamida, Aisha"]
[WhiteElo "1682"]
[WhiteTeam "Manchester Juniors B"]
[Black "Benson, Alice"]
[BlackElo "740"]
[BlackTeam "Phones Junior B"]
[Result "1-0"]
[PlyCount "61"]

1. e4 e5 2. Nf3 Nc6 3. Bb5 a6 4. Ba4 b5 5. Bb3 d6 6. O-O h6 7. c3 Nf6 8. Re1 Bg4 9. h3 Bh5 10. d3 Be7 11. Be3 O-O 12. Nbd2 Rb8 13. Nf1 d5 14. exd5 Nxd5 15. Ng3 Nxe3 16. Rxe3 Bxf3 17. Qxf3 b4 18. Qxc6 Rb6 19. Qe4 Bg5 20. Ree1 bxc3 21. bxc3 Bd2 22. Red1 Bxc3 23. Rac1 Bb2 24. Rc2 Bd4 25. Nf5 Re8 26. Rdc1 Qf6 27. Nxd4 exd4 28. Qxe8+ Kh7 29. Bxf7 Qg5 30. Rc5 Qf6 31. Qg8# {[W: 0:08:41; B: 0:00:09]} 1-0

[Event "Junior Online 4NCL Division 2"]
[Site "online"]
[Date "2021.04.01"]
[EventDate "2021.04.01"]
[Round "6.162"]
[White "Srivastava, Aditya"]
[WhiteElo "654"]
[WhiteTeam "Phones Junior B"]
[Black "Jayawarna, Tarini"]
[BlackElo "1643"]
[BlackTeam "Manchester Juniors B"]
[Result "1-0"]
[PlyCount "49"]

1. d4 Nf6 2. Bf4 g6 3. Nc3 Bg7 4. Nf3 d6 5. e4 O-O 6. Qd2 c5 7. d5 a6 8. Rd1 Nbd7 9. Be2 b5 10. e5 dxe5 11. Nxe5 Nxe5 12. Bxe5 Bb7 13. O-O b4 14. Na4 Nxd5 15. Bxg7 Kxg7 16. Nxc5 Bc6 17. Bf3 e6 18. c4 bxc3 19. bxc3 a5 20. c4 Ne7 21. Qb2+ Kg8 22. Rxd8 Rfxd8 23. Bxc6 Nxc6 24. Qb7 Rab8 25. Qxc6 {[W: 0:08:24; B: 0:00:15]} 1-0

[Event "Junior Online 4NCL Division 2"]
[Site "online"]
[Date "2021.04.01"]
[EventDate "2021.04.01"]
[Round "6.163"]
[White "Benhamida, Mohammed"]
[WhiteElo "1548"]
[WhiteTeam "Manchester Juniors B"]
[Black "Railwani, Tavish"]
[BlackElo "100"]
[BlackTeam "Phones Junior B"]
[Result "1-0"]
[PlyCount "113"]

1. b3 d5 2. e3 Nc6 3. Bb2 Nf6 4. Bb5 a6 5. Bxc6+ bxc6 6. Ne2 Bb7 7. O-O e6 8. f4 Bd6 9. Ng3 O-O 10. Na3 Ne4 11. Nxe4 dxe4 12. Qg4 f6 13. Nc4 Qe7 14. f5 e5 15. Qxe4 Rab8 16. Qg4 Bb4 17. c3 Ba5 18. Nxa5 Qd6 19. Nxb7 Rxb7 20. d4 Re8 21. Rad1 e4 22. Rf4 Qd5 23. c4 Qd7 24. Rxe4 a5 25. d5 c5 26. Ba3 Rxe4 27. Qxe4 Rb8 28. Qe6+ Qf7 29. Qxf7+ Kxf7 30. Bxc5 Re8 31. d6 cxd6 32. Rxd6 Re5 33. Rd5 Re4 34. Bd4 Re8 35. Rxa5 g5 36. c5 h5 37. Ra6 Rc8 38. Rxf6+ Ke7 39. Re6+ Kf7 40. Ra6 h4 41. c6 g4 42. Ra7+ Ke8 43. c7 Kd7 44. f6 Ke8 45. Bb6 Kf7 46. Rb7 Kxf6 47. Rb8 Rxc7 48. Bxc7 Ke7 49. a4 Kd7 50. Bf4 Ke6 51. a5 Ke7 52. a6 Kd7 53. a7 Kc6 54. a8=Q+ Kc5 55. Rc8+ Kb5 56. Qb7+ Ka5 57. Ra8# {[W: 0:05:54; B: 0:01:51]} 1-0

[Event "Junior Online 4NCL Division 2"]
[Site "online"]
[Date "2021.04.01"]
[EventDate "2021.04.01"]
[Round "6.164"]
[White "Mittal, Advik"]
[WhiteElo "100"]
[WhiteTeam "Phones Junior B"]
[Black "Jayawarna, Thisumi"]
[BlackElo "1532"]
[BlackTeam "Manchester Juniors B"]
[Result "0-1"]
[PlyCount "88"]

1. e4 d5 2. Nc3 d4 3. Nb5 c6 4. Na3 Nf6 5. Nf3 Bg4 6. h3 Bh5 7. Bc4 Nxe4 8. O-O e6 9. d3 Nd6 10. Bg5 Bxf3 11. Bxd8 Bxd1 12. Raxd1 Kxd8 13. c3 Nxc4 14. Nxc4 dxc3 15. bxc3 Nd7 16. Rde1 Kc7 17. Re4 Rd8 18. Rd1 Nc5 19. Re3 g6 20. d4 Nd7 21. Nd2 Nf6 22. Rf3 Bg7 23. g3 Rd7 24. g4 Nd5 25. Rd3 Nf4 26. Rf3 g5 27. Nb3 b6 28. Re3 h5 29. gxh5 Rxh5 30. Kh2 g4 31. Re4 Nxh3 32. Kg3 Rg5 33. Rh1 Rg6 34. Re2 f5 35. Ree1 Ng5 36. f4 gxf3 37. Nd2 Ne4+ 38. Kxf3 Nxd2+ 39. Ke2 Nc4 40. Kd1 Rg2 41. Rhf1 Bh6 42. Rxe6 Nb2+ 43. Ke1 Nd3+ 44. Kd1 Rd2# {[W: 0:00:22; B: 0:00:21]} 0-1

[Event "Junior Online 4NCL Division 2"]
[Site "online"]
[Date "2021.04.01"]
[EventDate "2021.04.01"]
[Round "6.165"]
[White "Benson, Alice"]
[WhiteElo "740"]
[WhiteTeam "Phones Junior B"]
[Black "Benhamida, Aisha"]
[BlackElo "1682"]
[BlackTeam "Manchester Juniors B"]
[Result "0-1"]
[PlyCount "122"]

1. d4 Nf6 2. Bf4 g6 3. Nc3 Bg7 4. e4 d6 5. Qd2 O-O 6. Nf3 c6 7. O-O-O Bg4 8. h3 Bxf3 9. gxf3 Nbd7 10. Bh6 Qc7 11. Bxg7 Kxg7 12. f4 e5 13. f5 a5 14. h4 a4 15. h5 Nxh5 16. dxe5 Nxe5 17. Qxd6 Qxd6 18. Rxd6 Nf6 19. fxg6 hxg6 20. Be2 a3 21. f4 Neg4 22. e5 Ne8 23. Bxg4 Nxd6 24. exd6 f5 25. Bf3 Rfd8 26. Rd1 Rd7 27. Ne2 axb2+ 28. Kxb2 Rad8 29. Nd4 Kf6 30. Nb3 Rxd6 31. Rxd6+ Rxd6 32. Kc3 b6 33. Nd4 c5 34. Nb5 Re6 35. Nc7 Re3+ 36. Kc4 Rxf3 37. Nd5+ Ke6 38. Nc7+ Kd6 39. Nd5 Rf2 40. c3 Rb2 41. a4 Rb1 42. Nf6 Kc6 43. Ne8 Ra1 44. Kb3 Rf1 45. Nf6 Rxf4 46. c4 Rf3+ 47. Ka2 g5 48. Nd5 g4 49. Ne7+ Kb7 50. Ng6 f4 51. Ne5 Rf2+ 52. Kb3 g3 53. Ng4 Rf3+ 54. Kc2 g2 55. a5 g1=Q 56. a6+ Kxa6 57. Ne3 Qh2+ 58. Kb1 Rg3 59. Nf1 Qg1 60. Kb2 Qxf1 61. Ka2 Qe2+ {[W: 0:00:15; B: 0:05:29]} 0-1

[Event "Junior Online 4NCL Division 2"]
[Site "online"]
[Date "2021.04.01"]
[EventDate "2021.04.01"]
[Round "6.166"]
[White "Jayawarna, Tarini"]
[WhiteElo "1643"]
[WhiteTeam "Manchester Juniors B"]
[Black "Srivastava, Aditya"]
[BlackElo "654"]
[BlackTeam "Phones Junior B"]
[Result "1-0"]
[PlyCount "55"]

1. e4 c5 2. Nf3 a6 3. d4 cxd4 4. Nxd4 g6 5. Nc3 d6 6. Be3 Bg7 7. f3 Nf6 8. Qd2 Bd7 9. g4 Nc6 10. O-O-O Ne5 11. h4 h5 12. gxh5 Nxh5 13. Bh3 Qc8 14. Bxd7+ Qxd7 15. Nd5 Nc4 16. Qe2 Nxe3 17. Qxe3 Bh6 18. f4 e6 19. Qe2 exd5 20. exd5+ Qe7 21. Qg4 Bxf4+ 22. Kb1 O-O 23. Rdg1 Be5 24. Nf5 Qf6 25. Qxh5 Qh8 26. Ne7+ Kg7 27. Rxg6+ fxg6 28. Qxg6# {[W: 0:00:56; B: 0:06:37]} 1-0

[Event "Junior Online 4NCL Division 2"]
[Site "online"]
[Date "2021.04.01"]
[EventDate "2021.04.01"]
[Round "6.167"]
[White "Railwani, Tavish"]
[WhiteElo "100"]
[WhiteTeam "Phones Junior B"]
[Black "Benhamida, Mohammed"]
[BlackElo "1548"]
[BlackTeam "Manchester Juniors B"]
[Result "0-1"]
[PlyCount "78"]

1. e4 d6 2. Nf3 Nf6 3. Nc3 g6 4. Bc4 Bg7 5. b3 Nxe4 6. Bb2 Nxc3 7. dxc3 Bg4 8. h3 Bxf3 9. Qxf3 O-O 10. O-O c6 11. Rae1 d5 12. Bd3 e5 13. c4 e4 14. Bxe4 dxe4 15. Rxe4 Bxb2 16. Rg4 Qf6 17. Qe3 Bd4 18. Rxd4 c5 19. Rf4 Qd6 20. Re4 Nc6 21. Rg4 Rfe8 22. Qf3 Nd4 23. Qd3 Ne2+ 24. Kh1 Qxd3 25. cxd3 Rad8 26. Rd1 Nc3 27. Rf1 Rxd3 28. Rg5 f5 29. f3 Kf7 30. Kh2 h6 31. Rg3 Ne2 32. Rxg6 Kxg6 33. Re1 Kf7 34. g4 Rxf3 35. Kg2 fxg4 36. hxg4 Rc3 37. Kf2 Rc2 38. Kf1 Ng3+ 39. Kg1 Rxe1# {[W: 0:01:31; B: 0:04:34]} 0-1

[Event "Junior Online 4NCL Division 2"]
[Site "online"]
[Date "2021.04.01"]
[EventDate "2021.04.01"]
[Round "6.168"]
[White "Jayawarna, Thisumi"]
[WhiteElo "1532"]
[WhiteTeam "Manchester Juniors B"]
[Black "Mittal, Advik"]
[BlackElo "100"]
[BlackTeam "Phones Junior B"]
[Result "1-0"]
[PlyCount "95"]

1. e4 e5 2. Nf3 Nc6 3. Bc4 Nf6 4. Ng5 Bc5 5. O-O O-O 6. Nc3 d6 7. h3 h6 8. Nf3 Nd4 9. Nxd4 Bxd4 10. d3 Bxc3 11. bxc3 Qe8 12. Qf3 Be6 13. Bb3 Bxb3 14. cxb3 Qe6 15. Qg3 c6 16. Bxh6 Nh5 17. Qg5 Qxh6 18. Qxh6 gxh6 19. g3 Kh8 20. Kh2 Rg8 21. Rg1 Raf8 22. Rae1 Rg7 23. Re3 Rfg8 24. Rf3 d5 25. exd5 cxd5 26. Rf5 e4 27. Rxh5 exd3 28. Rxd5 Rg6 29. Rxd3 Rf6 30. Kg2 Ra6 31. a4 Rb6 32. b4 Rc6 33. Rc1 Re8 34. Rd7 Kg8 35. Rxb7 a6 36. b5 axb5 37. axb5 Rc5 38. b6 Rec8 39. Ra7 Rb8 40. b7 Rd5 41. Ra8 Rxa8 42. bxa8=Q+ Kg7 43. Qxd5 Kg8 44. Qf5 Kg7 45. Re1 f6 46. Re7+ Kf8 47. Qxf6+ Kg8 48. Qg7# {[W: 0:05:19; B: 0:00:24]} 1-0

[Event "Junior Online 4NCL Division 3"]
[Site "online"]
[Date "2021.01.21"]
[Round "1.11"]
[White "Cepoi, Gesneria-Codruta"]
[Black "Barringer-Allen, William B"]
[Result "1-0"]
[WhiteElo "1051"]
[BlackElo "1340"]
[PlyCount "71"]
[EventDate "2021.01.21"]
[WhiteTeam "Uxbridge Girls"]
[BlackTeam "Edgware Gambits C"]

1. e4 e5 2. Nf3 Nc6 3. Bc4 Be7 4. Nc3 Nf6 5. O-O O-O 6. d3 d6 7. a4 Bg4 8. h3
Bh5 9. Be3 a6 10. Kh1 Qd7 11. g4 Nxg4 12. hxg4 Qxg4 13. Nh2 Qh3 14. f3 Bh4 15.
Qd2 Nd4 16. Bxd4 exd4 17. Nd5 Qd7 18. Nf4 Bg5 19. Rg1 Bxf4 20. Qxf4 Bg6 21. Qg4
Qxg4 22. fxg4 Kh8 23. Raf1 f6 24. Nf3 Bf7 25. Bxf7 Rxf7 26. Nxd4 Re8 27. g5 c5
28. Nf5 Re6 29. a5 Kg8 30. g6 Rd7 31. gxh7+ Kxh7 32. Rf2 g6 33. Rh2+ Kg8 34.
Rxg6+ Kf7 35. Rg7+ Ke8 36. Rh8# 1-0

[Event "Junior Online 4NCL Division 3"]
[Site "online"]
[Date "2021.01.21"]
[Round "1.12"]
[White "Gill, Veer"]
[Black "Knight, Zoe B"]
[Result "0-1"]
[WhiteElo "1306"]
[BlackElo "993"]
[PlyCount "60"]
[EventDate "2021.01.21"]
[WhiteTeam "Edgware Gambits C"]
[BlackTeam "Uxbridge Girls"]

1. e4 e5 2. Nf3 Nc6 3. d3 f6 4. d4 d6 5. Bb5 Bd7 6. d5 Nce7 7. Bxd7+ Qxd7 8.
Nc3 a6 9. Be3 Qg4 10. O-O f5 11. h3 Qg6 12. Nh4 Qf6 13. Nxf5 Nxf5 14. exf5 Qxf5
15. Kh2 Nf6 16. Qe2 h6 17. f4 O-O-O 18. fxe5 Qxe5+ 19. Kg1 Kb8 20. Bf4 Qxe2 21.
Nxe2 Nxd5 22. Bg3 Ne3 23. Rfc1 g5 24. Bf2 Nc4 25. b3 Ne5 26. Bg3 Bg7 27. Rd1
Rde8 28. Nd4 Rhf8 29. Rf1 Ng6 30. Nf5 Bxa1 0-1

[Event "Junior Online 4NCL Division 3"]
[Site "online"]
[Date "2021.01.21"]
[Round "1.13"]
[White "Vijayakumar, Mrinali"]
[Black "Milani-Foglia, Aurelio"]
[Result "0-1"]
[WhiteElo "700"]
[BlackElo "1281"]
[PlyCount "32"]
[EventDate "2021.01.21"]
[WhiteTeam "Uxbridge Girls"]
[BlackTeam "Edgware Gambits C"]

1. e4 e6 2. Bc4 d5 3. Bb5+ c6 4. Bd3 Bc5 5. exd5 exd5 6. Qe2+ Ne7 7. Nf3 O-O 8.
O-O Bg4 9. Nc3 Re8 10. Bxh7+ Kxh7 11. Qd3+ Bf5 12. Qe3 Ng6 13. Ng5+ Kg8 14.
Qxc5 Qxg5 15. d4 Nf4 16. Be3 Qxg2# 0-1

[Event "Junior Online 4NCL Division 3"]
[Site "online"]
[Date "2021.01.21"]
[Round "1.14"]
[White "Zhou, Richard"]
[Black "Shilani Tousi, Lianna"]
[Result "1-0"]
[WhiteElo "1300"]
[BlackElo "325"]
[PlyCount "39"]
[EventDate "2021.01.21"]
[WhiteTeam "Edgware Gambits C"]
[BlackTeam "Uxbridge Girls"]

1. d4 d5 2. c4 Nf6 3. cxd5 Nxd5 4. e4 Nf6 5. Nc3 Nc6 6. Nf3 Be6 7. d5 Bxd5 8.
exd5 Nd4 9. Nxd4 e5 10. Nf3 Bc5 11. Nxe5 O-O 12. Ng4 h5 13. Nxf6+ gxf6 14. Qxh5
Bd4 15. Bd3 Re8+ 16. Kd2 c6 17. Qh7+ Kf8 18. Kc2 cxd5 19. Bh6+ Ke7 20. Bg6 1-0

[Event "Junior Online 4NCL Division 3"]
[Site "online"]
[Date "2021.01.21"]
[Round "1.15"]
[White "Barringer-Allen, William B"]
[Black "Cepoi, Gesneria-Codruta"]
[Result "1-0"]
[WhiteElo "1340"]
[BlackElo "1051"]
[PlyCount "107"]
[EventDate "2021.01.21"]
[WhiteTeam "Edgware Gambits C"]
[BlackTeam "Uxbridge Girls"]

1. d4 d5 2. Nc3 Nf6 3. Bg5 e6 4. e4 dxe4 5. Nxe4 Be7 6. Nxf6+ Bxf6 7. Bxf6 Qxf6
8. Nf3 Nc6 9. Bc4 O-O 10. O-O Rd8 11. c3 a6 12. Qc2 b5 13. Bd3 g6 14. Rfe1 Bb7
15. a4 bxa4 16. Rxa4 Ne7 17. Be4 c6 18. Rea1 Nd5 19. Bxd5 cxd5 20. Ne5 Qg5 21.
Qc1 Qf5 22. Rb4 Ra7 23. Qe3 Rd6 24. Qg3 Rd8 25. h3 Kg7 26. Ra5 h5 27. Rb6 Re8
28. Rc5 Ba8 29. Nf3 Rae7 30. Rb8 Rxb8 31. Qxb8 Bb7 32. Qd8 Qf6 33. h4 a5 34.
Rxa5 Bc6 35. b4 Re8 36. Qxf6+ Kxf6 37. Ne5 Rc8 38. Rc5 Bb7 39. Rxc8 Bxc8 40.
Nc6 Kg7 41. b5 Kf8 42. f4 Ke8 43. Kf2 Kd7 44. Ke2 Bb7 45. Ne5+ Ke7 46. Kd3 Kf8
47. c4 Kg7 48. c5 f6 49. c6 fxe5 50. cxb7 e4+ 51. Ke3 Kf6 52. b8=Q Kf5 53. Qe5+
Kg4 54. Qg5# 1-0

[Event "Junior Online 4NCL Division 3"]
[Site "online"]
[Date "2021.01.21"]
[Round "1.16"]
[White "Knight, Zoe B"]
[Black "Gill, Veer"]
[Result "0-1"]
[WhiteElo "993"]
[BlackElo "1306"]
[PlyCount "58"]
[EventDate "2021.01.21"]
[WhiteTeam "Uxbridge Girls"]
[BlackTeam "Edgware Gambits C"]

1. e4 e6 2. d3 d5 3. exd5 exd5 4. d4 c5 5. c3 Nc6 6. Nd2 cxd4 7. cxd4 Nxd4 8.
Bd3 Nf6 9. Ngf3 Nxf3+ 10. Nxf3 Bc5 11. Be3 Bxe3 12. fxe3 Qb6 13. Qd2 O-O 14.
O-O Re8 15. Nd4 Be6 16. Kh1 Rac8 17. Rac1 Ne4 18. Bxe4 dxe4 19. b3 Bd5 20. Qf2
a6 21. Rxc8 Rxc8 22. Qf5 Qd8 23. h3 g6 24. Qf4 f5 25. Qe5 Bf7 26. Ne6 Bxe6 27.
Qxe6+ Kg7 28. Qe5+ Qf6 29. g3 Qxe5 0-1

[Event "Junior Online 4NCL Division 3"]
[Site "online"]
[Date "2021.01.21"]
[Round "1.17"]
[White "Milani-Foglia, Aurelio"]
[Black "Vijayakumar, Mrinali"]
[Result "0-1"]
[WhiteElo "1281"]
[BlackElo "700"]
[PlyCount "78"]
[EventDate "2021.01.21"]
[WhiteTeam "Edgware Gambits C"]
[BlackTeam "Uxbridge Girls"]

1. e4 Nf6 2. Nc3 d5 3. d3 d4 4. Nce2 e5 5. Bg5 Qd6 6. Nf3 Qb4+ 7. Qd2 Qxb2 8.
Qd1 Bb4+ 9. Bd2 Bxd2+ 10. Nxd2 O-O 11. Nc4 Qc3+ 12. Nd2 Ng4 13. Nxc3 f5 14. Nd5
fxe4 15. Nxe4 Nc6 16. Nxc7 Rb8 17. Ne6 Bxe6 18. Nc5 Nxf2 19. Qe2 Nxh1 20. Nxe6
Rf6 21. Nc5 Rf2 22. Qxf2 Nxf2 23. Kxf2 Nb4 24. Kg1 Nxc2 25. a3 Nxa1 26. Be2 Nc2
27. Kf2 Rf8+ 28. Kg3 Nxa3 29. Nxb7 Nc2 30. Nd6 Rf6 31. Ne4 Rg6+ 32. Kf2 a5 33.
Nc5 e4 34. dxe4 Rf6+ 35. Kg1 Ne3 36. e5 Rf4 37. e6 g5 38. Bb5 d3 39. e7 Rf1#
0-1

[Event "Junior Online 4NCL Division 3"]
[Site "online"]
[Date "2021.01.21"]
[Round "1.18"]
[White "Shilani Tousi, Lianna"]
[Black "Zhou, Richard"]
[Result "0-1"]
[WhiteElo "325"]
[BlackElo "1300"]
[PlyCount "42"]
[EventDate "2021.01.21"]
[WhiteTeam "Uxbridge Girls"]
[BlackTeam "Edgware Gambits C"]

1. e4 c5 2. Bb5 a6 3. Bc4 b5 4. Be2 Bb7 5. Nf3 Bxe4 6. Ne5 d6 7. f3 Bxc2 8.
Qxc2 dxe5 9. O-O Nd7 10. Nc3 b4 11. Ne4 f5 12. Ng5 Qb6 13. Bc4 Nh6 14. d3 g6
15. Be3 Rc8 16. Ne6 e4 17. dxe4 Ne5 18. Rad1 Nxc4 19. Bxh6 Bxh6 20. Rfe1 Be3+
21. Kh1 Bh6 0-1

[Event "Junior Online 4NCL Division 3"]
[Site "online"]
[Date "2021.01.21"]
[Round "1.21"]
[White "Bhattacharjee, Aaditya"]
[Black "Jessop, Osian"]
[Result "1-0"]
[WhiteElo "250"]
[BlackElo "1284"]
[PlyCount "91"]
[EventDate "2021.01.21"]
[WhiteTeam "East Kilbride Rooks"]
[BlackTeam "Border Bandits 2"]

1. e4 e5 2. Nf3 Nc6 3. Bc4 Bc5 4. b4 Bxb4 5. c3 Bc5 6. d4 exd4 7. cxd4 Bb4+ 8.
Bd2 Bxd2+ 9. Nbxd2 d6 10. O-O Bg4 11. h3 Bh5 12. Qc2 Bxf3 13. Nxf3 Nf6 14. e5
dxe5 15. dxe5 Nd7 16. Qf5 O-O 17. Rad1 Qe7 18. Qxd7 Qc5 19. Rc1 Rad8 20. Qxc7
Rc8 21. Qxb7 Rb8 22. Qa6 Rb6 23. Qa4 Rb4 24. Qc2 Kh8 25. Rfe1 Re8 26. Red1 Nxe5
27. Nxe5 Qxe5 28. Bxf7 Rf8 29. g3 Rbb8 30. Re1 Qf6 31. Bb3 Qa6 32. Re6 Qb7 33.
Re4 Rbc8 34. Rc4 Rxc4 35. Qxc4 Qb6 36. Qc5 Qf6 37. Qxa7 h6 38. Bc2 g6 39. Bd3
Rf7 40. Rc8+ Kg7 41. Rc7 Rxc7 42. Qxc7+ Kf8 43. a4 Qa1+ 44. Bf1 Qxa4 45. Qh7
Qa6 46. Bxa6 1-0

[Event "Junior Online 4NCL Division 3"]
[Site "online"]
[Date "2021.01.21"]
[Round "1.22"]
[White "Watkins, Gabby"]
[Black "Biswas, Snigdha"]
[Result "1-0"]
[WhiteElo "1087"]
[BlackElo "295"]
[PlyCount "99"]
[EventDate "2021.01.21"]
[WhiteTeam "Border Bandits 2"]
[BlackTeam "East Kilbride Rooks"]

1. c4 e5 2. g3 Nc6 3. Bg2 Nf6 4. Nc3 Bc5 5. e3 d6 6. Nge2 Bf5 7. d4 exd4 8.
exd4 Bb4 9. O-O d5 10. cxd5 Nxd5 11. Nxd5 Be6 12. Ndc3 Bg4 13. a3 Nxd4 14. Qxd4
Qxd4 15. Nxd4 Bc5 16. Ndb5 a6 17. Nxc7+ Ke7 18. Nxa8 Rxa8 19. Bxb7 Rb8 20. Bxa6
Bh3 21. Re1+ Kf8 22. Bf4 Re8 23. Rxe8+ Kxe8 24. Re1+ Kf8 25. b4 Bd4 26. Ne4 Bb2
27. b5 Bxa3 28. b6 Bc5 29. b7 Ba7 30. Bb8 Bxb8 31. Rd1 Bg4 32. Rd8+ Ke7 33.
Rxb8 Bf3 34. Rc8 Bxe4 35. b8=Q Bf5 36. Qe5+ Be6 37. Qc7+ Bd7 38. Ra8 Ke6 39.
Bc4+ Ke7 40. Ra7 Kf6 41. Qxd7 Kg6 42. Qxf7+ Kh6 43. Qxg7+ Kh5 44. Qxh7+ Kg4 45.
Kg2 Kg5 46. Qg8+ Kf5 47. Re7 Kf6 48. Qf8+ Kg5 49. Rg7+ Kh6 50. Qh8# 1-0

[Event "Junior Online 4NCL Division 3"]
[Site "online"]
[Date "2021.01.21"]
[Round "1.23"]
[White "Israni, Ishita"]
[Black "Fennell, Owyn"]
[Result "0-1"]
[WhiteElo "302"]
[BlackElo "963"]
[PlyCount "52"]
[EventDate "2021.01.21"]
[WhiteTeam "East Kilbride Rooks"]
[BlackTeam "Border Bandits 2"]

1. e4 e5 2. Nf3 Nc6 3. Bc4 Nf6 4. d3 Bb4+ 5. Nc3 Nd4 6. O-O d6 7. a3 Ba5 8. b4
Bb6 9. Be3 O-O 10. Ng5 a5 11. Bxd4 exd4 12. Na2 Bg4 13. Qd2 c6 14. Qf4 Be6 15.
Bxe6 fxe6 16. Nxe6 Qe7 17. Nxf8 Kxf8 18. c3 dxc3 19. Nxc3 Bd4 20. Ne2 Bxa1 21.
Rxa1 Ke8 22. Rb1 axb4 23. Rxb4 Rxa3 24. Qf5 Ra1+ 25. Rb1 Rxb1+ 26. Nc1 Rxc1#
0-1

[Event "Junior Online 4NCL Division 3"]
[Site "online"]
[Date "2021.01.21"]
[Round "1.24"]
[White "Siddall, George"]
[Black "Vinodh, Sampriti"]
[Result "1-0"]
[WhiteElo "708"]
[BlackElo "197"]
[PlyCount "55"]
[EventDate "2021.01.21"]
[WhiteTeam "Border Bandits 2"]
[BlackTeam "East Kilbride Rooks"]

1. e4 e5 2. Nf3 Nc6 3. Nc3 Nf6 4. Bc4 Bc5 5. O-O d6 6. h3 h6 7. Re1 Be6 8. Bxe6
fxe6 9. d3 Nd4 10. Nxd4 exd4 11. Na4 Bb4 12. Re2 Qd7 13. b3 O-O-O 14. Bd2 Bc5
15. Nxc5 dxc5 16. e5 Nd5 17. c4 Nb6 18. a4 Rhf8 19. a5 Na8 20. b4 b6 21. axb6
cxb6 22. bxc5 bxc5 23. Qb3 Rf5 24. Rb1 Nb6 25. Ba5 Rff8 26. Bxb6 axb6 27. Qxb6
Rde8 28. Qb8# 1-0